Switzerland A-Z - Statistics

General Stats
  • This quiz has been taken 23 times
  • The average score is 11 of 25
Answer Stats
Hint Answer % Correct
A) Mountain range that runs thru Switzerland Alps
100%
B) Historic city on the borders with France andGermany along the Rhine Basel
95%
D) This mountain town Hosts the World Economic Forum Davos
85%
G) One of Switzerlands largest cities, located alonga lake of the same name on the French border Geneva
85%
M) Iconic peak featured on the Toblerone chocolatepackage Matterhorn
70%
R) One of the official languages of Switzerland, evolving from ancient Latin Romansh
70%
S) Alpine town and host of the Winter Olympics in 1928and 1948 St Moritz
60%
L) Italian speaking city on a lake of the same name inthe southern canton of Ticino, often called Little Italy Lugano
55%
Z) Alpine town located at the foothills of the Matterhorn Zermatt
55%
J) This mountain on the Bern/Valais cantons stands at13, 642 ft Jungfrau
50%
N) French speaking city in western Switzerland ona lake of the same name, the center of the Swiss watch industry Neuchatel
50%
V) Lausanne is the capital of this Swiss canton nearthe French border Vaud
50%
F) Medieval city along the Sarine river in thewest of Switzerland Fribourg
45%
I) Picturesque mountain town in the Bern Oberlandcanton, between Lakes Thun and Brienz Interlaken
45%
T) Italian speaking canton in the south on the Italianborder Ticino
40%
W) 6th largest city, located near the German border Winterthur
35%
O) Historic city on the Aare river, known as a major railway hub Olten
30%
C) Border city on the extreme southern sidewith Italy, close to Como Chiasso
25%
U) City in the Zurich area known for its textile industryof the 1800s Uster
25%
E) the 10th century Benedictine Abbey monasteryis located in this town Einsiedeln
20%
H) Capital of the Appenzell Ausserrhoden canton Herisau
20%
K) City on Lake Constance on the German border Kreuzlingen
15%
P) Town in the Vaud canton known for its Medievalabbey church Payerne
10%
Q) Ski village in the St Gallen region on the shore ofLake Walen Quarten
10%
Y) One of the countries' biggest wine regions, locatednear lake Geneva Yvorne
0%
No matching quizzes found
Score Distribution
Percent of People with Each Score
Percentile by Number Answered
Your Score History
You have not taken this quiz